[Event "Fall op"]
[Site "Kitchener CAN"]
[Date "2012.09.15"]
[Round "3"]
[White "Cheng, Bindi"]
[Black "Zybura, Andre"]
[Result "1-0"]
[WhiteElo "2480"]
[BlackElo "2079"]
[PlyCount "25"]
[GameId "2160767909445134"]
[EventDate "2012.09.15"]
[EventType "swiss"]
[EventRounds "5"]
[EventCountry "CAN"]

1. d4 Nf6 2. c4 c5 3. d5 b5 4. cxb5 a6 5. bxa6 g6 6. Nc3 Bxa6 7. Nf3 Bg7 8. g3 d6 9. Bg2 Nbd7 10. Rb1 Qa5 11. O-O Nb6 12. a3 O-O 13. b4 1-0

[Event "Fall op"]
[Site "Kitchener CAN"]
[Date "2012.09.15"]
[Round "3"]
[White "Ferreira, Alex"]
[Black "Song, Michael"]
[Result "0-1"]
[WhiteElo "2051"]
[BlackElo "2343"]
[PlyCount "100"]
[GameId "2160767909445135"]
[EventDate "2012.09.15"]
[EventType "swiss"]
[EventRounds "5"]
[EventCountry "CAN"]

1. e4 c5 2. Nf3 Nc6 3. d4 cxd4 4. Nxd4 Nf6 5. Nc3 e5 6. Ndb5 d6 7. Bg5 a6 8. Na3 b5 9. Nd5 Be7 10. Bxf6 Bxf6 11. c4 b4 12. Nc2 Rb8 13. b3 Bg5 14. Be2 O-O 15. O-O a5 16. Bg4 Be6 17. g3 Qd7 18. Bxe6 fxe6 19. Qh5 Bd8 20. Nde3 Bb6 21. Rad1 Bc5 22. Qg5 Qa7 23. Kg2 Rb7 24. Ng4 Kh8 25. h4 Rbf7 26. f3 a4 27. Rd3 Ra8 28. Qd2 Qb8 29. h5 axb3 30. axb3 Ra2 31. h6 gxh6 32. Nxh6 Rg7 33. Ng4 Qg8 34. Ra1 Rxa1 35. Nxa1 Nd4 36. Qh6 Rg6 37. Qh4 Qf8 38. Qh5 Qf7 39. Qh4 Kg7 40. Qh1 Qe7 41. Rd2 Nxf3 42. Kxf3 Qf7+ 43. Kg2 Rxg4 44. Re2 Qg6 45. Qe1 h5 46. Kh3 Kh7 47. Nc2 h4 48. Rg2 Rxe4 49. Qf1 hxg3 50. Rxg3 Qh5+ 0-1

[Event "Fall op"]
[Site "Kitchener CAN"]
[Date "2012.09.15"]
[Round "3"]
[White "Khayutin, Constantine"]
[Black "Sapozhnikov, Roman"]
[Result "0-1"]
[WhiteElo "1959"]
[BlackElo "2461"]
[PlyCount "52"]
[GameId "2160767909445136"]
[EventDate "2012.09.15"]
[EventType "swiss"]
[EventRounds "5"]
[EventCountry "CAN"]

1. Nf3 Nf6 2. c4 g6 3. g3 Bg7 4. Bg2 O-O 5. O-O d6 6. d4 c6 7. Nc3 Qa5 8. e3 Qh5 9. Ne2 e5 10. dxe5 dxe5 11. Qd6 Bg4 12. Nfd4 Bxe2 13. Nxe2 Qxe2 14. b3 Na6 15. Rd1 Ne8 16. Bf1 Qxf1+ 17. Kxf1 Nxd6 18. Rxd6 Rfd8 19. Ba3 Bf8 20. c5 Bxd6 21. cxd6 c5 22. Rd1 Rd7 23. Bb2 Rad8 24. Bxe5 f6 25. f4 fxe5 26. fxe5 Rf7+ 0-1

[Event "Fall op"]
[Site "Kitchener CAN"]
[Date "2012.09.15"]
[Round "3"]
[White "Krnan, Tomas"]
[Black "Sambuev, Bator"]
[Result "0-1"]
[WhiteElo "2562"]
[BlackElo "2689"]
[PlyCount "136"]
[GameId "2160767909445137"]
[EventDate "2012.09.15"]
[EventType "swiss"]
[EventRounds "5"]
[EventCountry "CAN"]

1. e4 e6 2. d4 d5 3. Nc3 Bb4 4. exd5 exd5 5. Bd3 Nc6 6. a3 Bxc3+ 7. bxc3 Nge7 8. Qh5 Be6 9. Rb1 b6 10. Nf3 Qd7 11. Ng5 O-O-O 12. Nxe6 fxe6 13. O-O Nf5 14. Re1 g6 15. Qh3 Rde8 16. Bf4 Kb7 17. Bb5 Rhf8 18. Qd3 Nd6 19. Bxd6 Qxd6 20. c4 dxc4 21. Qxc4 Re7 22. c3 Rf5 23. Re3 Nd8 24. Qa4 Ref7 25. Re2 Kb8 26. Bd3 Rh5 27. g3 Qd7 28. Qc4 Ra5 29. Qb4 Qa4 30. Rb3 Kc8 31. Bc4 Qc6 32. Bd3 Ra4 33. Qb5 Qxb5 34. Bxb5 Ra5 35. f4 c6 36. Bd3 Rc7 37. Be4 c5 38. dxc5 Raxc5 39. Re3 Kd7 40. Bg2 Ke7 41. Kf2 Nf7 42. Bh3 R7c6 43. Bg2 Rc7 44. Bh3 e5 45. fxe5 Nxe5 46. Rb1 Kf6 47. Ke2 Nc4 48. Re6+ Kg7 49. a4 Rh5 50. Bg2 Rxh2 51. Kf2 Rh5 52. Rb5 Kf7 53. Re2 Rcc5 54. Ra2 Nd6 55. Rxc5 Rxc5 56. Ra3 h5 57. Rb3 Kf6 58. Bf3 Ke5 59. Ke3 Nc4+ 60. Kd3 Kf5 61. Be4+ Kg4 62. Rb5 Ne5+ 63. Kd4 Nf3+ 64. Kd3 Kxg3 65. Rxc5 bxc5 66. Ke3 Ne5 67. Bb7 g5 68. Ke4 Nf3 0-1

[Event "Fall op"]
[Site "Kitchener CAN"]
[Date "2012.09.15"]
[Round "3"]
[White "Plotkin, Mark"]
[Black "Samsonkin, Artiom"]
[Result "0-1"]
[WhiteElo "2103"]
[BlackElo "2552"]
[PlyCount "80"]
[GameId "2160767909445138"]
[EventDate "2012.09.15"]
[EventType "swiss"]
[EventRounds "5"]
[EventCountry "CAN"]

1. e4 c5 2. Nf3 d6 3. d4 cxd4 4. Nxd4 Nf6 5. Nc3 Nc6 6. Bg5 e6 7. f3 a6 8. g4 h5 9. gxh5 Be7 10. h6 gxh6 11. Be3 d5 12. exd5 Nxd5 13. Nxd5 Bh4+ 14. Kd2 Qxd5 15. c4 Qa5+ 16. Kc1 e5 17. Nxc6 bxc6 18. Qd2 Qc7 19. Bd3 Be6 20. Kc2 Rd8 21. Qe2 Bg5 22. Rad1 Bxe3 23. Qxe3 Rd4 24. b3 Qa5 25. Kb2 Ke7 26. Bc2 Qc5 27. Rxd4 exd4 28. Qf4 Qd6 29. Qh4+ f6 30. Rd1 c5 31. f4 Bd7 32. Qg3 Kd8 33. Qf3 Kc7 34. Rg1 Rc8 35. Rg7 Kb6 36. Be4 Qe6 37. Bd3 Bc6 38. Qh5 Qe1 39. Qf7 Qc3+ 40. Ka3 Qc1# 0-1

[Event "Fall op"]
[Site "Kitchener CAN"]
[Date "2012.09.15"]
[Round "3"]
[White "Plotkin, Victor"]
[Black "Li, Yinshi"]
[Result "1-0"]
[WhiteElo "2354"]
[BlackElo "1983"]
[PlyCount "117"]
[GameId "2160767909445139"]
[EventDate "2012.09.15"]
[EventType "swiss"]
[EventRounds "5"]
[EventCountry "CAN"]

1. e4 e6 2. d4 d5 3. exd5 exd5 4. Nf3 Bd6 5. c4 c6 6. Nc3 Ne7 7. c5 Bc7 8. Bd3 Bf5 9. O-O O-O 10. Re1 Bxd3 11. Qxd3 Nd7 12. b4 Ng6 13. b5 Bf4 14. Bb2 Nf6 15. g3 Bc7 16. Re2 Qd7 17. Rae1 Rfe8 18. Bc1 Rxe2 19. Rxe2 Re8 20. a4 Rxe2 21. Qxe2 Qe8 22. Qxe8+ Nxe8 23. Na2 Ne7 24. Nb4 f6 25. Ne1 Kf7 26. Ned3 g6 27. bxc6 bxc6 28. Bf4 Bxf4 29. Nxf4 Ng7 30. Kf1 Ne6 31. Ne2 Ng5 32. Ng1 Ne4 33. Ke2 Ke6 34. f3 Ng5 35. h4 Nf7 36. g4 h6 37. Nh3 g5 38. h5 f5 39. Nf2 f4 40. Nfd3 Kd7 41. Kd2 Ng8 42. Kc3 Nf6 43. Ne5+ Nxe5 44. dxe5 Ne8 45. e6+ Kxe6 46. Nxc6 a6 47. Nb4 Nc7 48. Kd4 a5 49. Nc6 Na6 50. Nxa5 Nb4 51. Nb3 Nc2+ 52. Kc3 Ne3 53. Nd4+ Kd7 54. a5 Kc7 55. a6 Nd1+ 56. Kb4 Nf2 57. Kb5 Nd3 58. c6 Kb8 59. Kb6 1-0

[Event "Fall op"]
[Site "Kitchener CAN"]
[Date "2012.09.16"]
[Round "4"]
[White "Chernik, Dmitry"]
[Black "Khayutin, Constantine"]
[Result "0-1"]
[WhiteElo "1989"]
[BlackElo "1959"]
[PlyCount "50"]
[GameId "2160767909445140"]
[EventDate "2012.09.15"]
[EventType "swiss"]
[EventRounds "5"]
[EventCountry "CAN"]

1. e4 c5 2. Nc3 e6 3. f4 d5 4. Bb5+ Bd7 5. Bxd7+ Qxd7 6. d3 Nc6 7. Nf3 Bd6 8. exd5 Nd4 9. dxe6 Qxe6+ 10. Kf2 O-O-O 11. Be3 Nf6 12. Bxd4 cxd4 13. Re1 Ng4+ 14. Kg1 Ne3 15. Qd2 dxc3 16. Qxc3+ Kb8 17. Nd4 Qd5 18. Re2 Bc5 19. Nb3 Nxc2+ 20. Nxc5 Nxa1 21. Re1 Qd4+ 22. Qxd4 Rxd4 23. Rxa1 Rc8 24. Nb3 Rxf4 25. Re1 Rc2 0-1

[Event "Fall op"]
[Site "Kitchener CAN"]
[Date "2012.09.16"]
[Round "4"]
[White "Deatrick, Alexander"]
[Black "Birarov, Vladimir"]
[Result "1-0"]
[WhiteElo "1885"]
[BlackElo "2294"]
[PlyCount "42"]
[GameId "2160767738791777"]
[EventDate "2012.09.15"]
[EventType "swiss"]
[EventRounds "5"]
[EventCountry "CAN"]

1. Nf3 Nf6 2. g3 d5 3. Bg2 Bf5 4. O-O e6 5. b3 Be7 6. Bb2 O-O 7. c4 Nbd7 8. d4 Ne4 9. Nbd2 Bf6 10. Ne5 c5 11. cxd5 exd5 12. Nxe4 Bxe4 13. Bxe4 dxe4 14. Qc2 cxd4 15. Nxd7 Qxd7 16. Qxe4 Rfe8 17. Qd3 Rad8 18. Rad1 {Rfe1} h5 19. Qf3 {Qxf3 exf3 Rxe1 Rxe1} Rc8 {Rd1 Kh7} 20. Rd2 {Rd8 f4 Kg6 Kg2 Kf5 Kf3} g6 21. h3 Bg7 {Re2 Bf8 Re4 Bg7} 1-0

[Event "Fall op"]
[Site "Kitchener CAN"]
[Date "2012.09.16"]
[Round "4"]
[White "Jung, Hans"]
[Black "Krnan, Tomas"]
[Result "0-1"]
[WhiteElo "2284"]
[BlackElo "2562"]
[PlyCount "68"]
[GameId "2160767909445141"]
[EventDate "2012.09.15"]
[EventType "swiss"]
[EventRounds "5"]
[EventCountry "CAN"]

1. e4 g6 2. d4 Bg7 3. Nf3 c6 4. c4 d6 5. h3 Nf6 6. Nc3 O-O 7. e5 dxe5 8. Nxe5 Nfd7 9. Nf3 e5 10. dxe5 Nxe5 11. Nxe5 Bxe5 12. Qxd8 Rxd8 13. Be3 Na6 14. Rd1 Re8 15. Be2 Nb4 16. Rd2 Bf5 17. O-O Nc2 18. Bc5 b6 19. Bd6 Rad8 20. Rfd1 Bxc3 21. bxc3 Rxd6 22. Rxd6 Rxe2 23. Rxc6 Re5 24. c5 bxc5 25. Ra6 Re7 26. Rd8+ Kg7 27. Ra8 Re1+ 28. Kh2 Re2 29. Kg3 Ne1 30. R8xa7 Nd3 31. Rc6 Rxf2 32. Rxc5 Be4 33. Rg5 h6 34. Rg4 Rxg2+ 0-1

[Event "Fall op"]
[Site "Kitchener CAN"]
[Date "2012.09.16"]
[Round "4"]
[White "Li, Yinshi"]
[Black "Plotkin, Mark"]
[Result "1-0"]
[WhiteElo "1983"]
[BlackElo "2103"]
[PlyCount "58"]
[GameId "2160767909445142"]
[EventDate "2012.09.15"]
[EventType "swiss"]
[EventRounds "5"]
[EventCountry "CAN"]

1. d4 Nf6 2. c4 g6 3. Nc3 d5 4. cxd5 Nxd5 5. g3 Bg7 6. Bg2 Nxc3 7. bxc3 O-O 8. e3 c5 9. Ne2 Nc6 10. O-O Qa5 11. Qb3 Rd8 12. Ba3 Qa6 13. Rfe1 Be6 14. Qb2 cxd4 15. cxd4 Bd5 16. Rab1 Bxg2 17. Kxg2 b6 18. Bb4 Rac8 19. a3 e5 20. Bc3 Na5 21. Bxa5 Qxa5 22. dxe5 Rd2 23. Qb5 Qxa3 24. Nd4 Qe7 25. Nc6 Qb7 26. Rec1 Bxe5 27. Qxe5 Rxc6 28. Qe8+ Kg7 29. Qxc6 Qa6 1-0

[Event "Fall op"]
[Site "Kitchener CAN"]
[Date "2012.09.16"]
[Round "4"]
[White "Sambuev, Bator"]
[Black "Preotu, Razvan"]
[Result "1-0"]
[WhiteElo "2689"]
[BlackElo "2293"]
[PlyCount "71"]
[GameId "2160767909445143"]
[EventDate "2012.09.15"]
[EventType "swiss"]
[EventRounds "5"]
[EventCountry "CAN"]

1. Nf3 Nf6 2. c4 g6 3. Nc3 Bg7 4. e4 d6 5. d4 O-O 6. Be2 e5 7. O-O Nc6 8. d5 Ne7 9. Ne1 Nd7 10. Be3 f5 11. f3 f4 12. Bf2 g5 13. Rc1 Ng6 14. c5 Nxc5 15. b4 Na6 16. Nd3 h5 17. Nb5 Bd7 18. a4 b6 19. Be1 Bh6 20. Rc3 Rf7 21. Kh1 Rg7 22. Rg1 Kh8 23. Bd2 Qf6 24. Nf2 Nh4 25. g3 fxg3 26. Rxg3 Nxb4 27. Nxc7 Rf8 28. Bb5 g4 29. Bxd7 Rxd7 30. Ne6 Bxd2 31. Qxd2 Rg8 32. fxg4 hxg4 33. Nxg4 Qg6 34. Qe2 Rf7 35. Nf2 Qh7 36. Ng5 1-0

[Event "Fall op"]
[Site "Kitchener CAN"]
[Date "2012.09.16"]
[Round "4"]
[White "Samsonkin, Artiom"]
[Black "Plotkin, Victor"]
[Result "1-0"]
[WhiteElo "2552"]
[BlackElo "2354"]
[PlyCount "89"]
[GameId "2160767909445144"]
[EventDate "2012.09.15"]
[EventType "swiss"]
[EventRounds "5"]
[EventCountry "CAN"]

1. e4 d6 2. d4 Nf6 3. Nc3 e5 4. Nf3 exd4 5. Nxd4 Be7 6. Be2 O-O 7. O-O Nc6 8. Nb3 Re8 9. f4 Bf8 10. Bf3 Be6 11. Nd5 Bd7 12. Nc3 a5 13. a4 Be6 14. Nd4 Bc4 15. Nxc6 bxc6 16. Re1 Rb8 17. b3 Ba6 18. Ba3 Nd7 19. Qd2 g6 20. Rad1 Bg7 21. Ne2 Ra8 22. e5 d5 23. Nd4 Bb7 24. c4 Nb6 25. c5 Nd7 26. b4 axb4 27. Qxb4 Ra7 28. Rb1 Qa8 29. Bg4 Nf8 30. Bd1 Ne6 31. Nxe6 fxe6 32. h4 Ba6 33. Qc3 Rb8 34. Rxb8+ Qxb8 35. h5 Qf8 36. hxg6 Qxf4 37. Qh3 hxg6 38. Qxe6+ Kh7 39. Qh3+ Kg8 40. Bc2 g5 41. Qh7+ Kf8 42. e6 Qd4+ 43. Kh1 Ke7 44. Bc1 Qf6 45. Bg6 1-0

[Event "Fall op"]
[Site "Kitchener CAN"]
[Date "2012.09.16"]
[Round "4"]
[White "Sapozhnikov, Roman"]
[Black "Cheng, Bindi"]
[Result "0-1"]
[WhiteElo "2461"]
[BlackElo "2480"]
[PlyCount "90"]
[GameId "2160767909445145"]
[EventDate "2012.09.15"]
[EventType "swiss"]
[EventRounds "5"]
[EventCountry "CAN"]

1. d4 Nf6 2. c4 c5 3. d5 d6 4. Nc3 g6 5. e4 Bg7 6. h3 O-O 7. Nf3 e6 8. Bd3 exd5 9. cxd5 a6 10. a4 Re8 11. O-O Nbd7 12. Bf4 c4 13. Bc2 Qc7 14. Qd2 b6 15. Rae1 Bb7 16. Bh6 Bh8 17. Nh4 Qc5 18. Nd1 b5 19. axb5 axb5 20. Be3 Qc7 21. Bd4 Nc5 22. Nf5 Bc8 23. Ng3 Ba6 24. f4 b4 25. Rf3 Nd3 26. Bxd3 cxd3 27. Bxf6 Bxf6 28. e5 Qc2 29. Qxc2 dxc2 30. Ne3 dxe5 31. Nxc2 exf4 32. Rxe8+ Rxe8 33. Rxf4 Be5 34. Rf3 Bd6 35. b3 f5 36. Nf1 Be2 37. Re3 Bc5 38. Kh2 Bxe3 39. Nfxe3 f4 40. Nc4 Bxc4 41. bxc4 f3 42. Kg1 b3 43. Na3 Ra8 44. Nb5 b2 45. Nc3 Ra3 0-1

[Event "Fall op"]
[Site "Kitchener CAN"]
[Date "2012.09.16"]
[Round "4"]
[White "Song, Michael"]
[Black "Zhang, Yuanchen"]
[Result "1-0"]
[WhiteElo "2343"]
[BlackElo "2021"]
[PlyCount "99"]
[GameId "2160767909445146"]
[EventDate "2012.09.15"]
[EventType "swiss"]
[EventRounds "5"]
[EventCountry "CAN"]

1. Nf3 Nf6 2. g3 b6 3. Bg2 Bb7 4. O-O e6 5. b3 Be7 6. Bb2 O-O 7. d3 d5 8. Nbd2 Nbd7 9. Re1 c5 10. e4 d4 11. h3 e5 12. Nh2 Qc7 13. Rf1 b5 14. Ng4 Rfb8 15. Bc1 Ba6 16. Nxf6+ Bxf6 17. a4 Re8 18. f4 bxa4 19. Rf2 Bb5 20. bxa4 Ba6 21. Bf1 c4 22. dxc4 exf4 23. gxf4 d3 24. e5 Bh4 25. Rg2 Qc5+ 26. Kh2 Bb7 27. Nb3 Qxc4 28. Bxd3 Qd5 29. Rd2 Qe6 30. Qh5 Qh6 31. Qxh6 gxh6 32. Bf5 Nb6 33. Nc5 Bc8 34. Be4 Rb8 35. a5 Na8 36. Rg2+ Kh8 37. f5 Rg8 38. Rxg8+ Kxg8 39. Bxh6 Bf2 40. Nd3 Bd4 41. Ra4 Bc3 42. Ra3 Bb2 43. Nxb2 Rxb2 44. Rg3+ Kh8 45. Bg7+ Kg8 46. e6 Rb7 47. Bxb7 Bxb7 48. Bf6+ Kf8 49. e7+ Ke8 50. Rg8+ 1-0

[Event "Fall op"]
[Site "Kitchener CAN"]
[Date "2012.09.16"]
[Round "4"]
[White "Zybura, Andre"]
[Black "Ferreira, Alex"]
[Result "1/2-1/2"]
[WhiteElo "2079"]
[BlackElo "2051"]
[PlyCount "33"]
[GameId "2160767909445147"]
[EventDate "2012.09.15"]
[EventType "swiss"]
[EventRounds "5"]
[EventCountry "CAN"]

1. e4 e5 2. Bc4 Nf6 3. d4 exd4 4. Nf3 Nc6 5. O-O Nxe4 6. Re1 d5 7. Bxd5 Qxd5 8. Nc3 Qh5 9. Nxe4 Be6 10. Bg5 Bd6 11. Qd2 Bb4 12. c3 dxc3 13. bxc3 Be7 14. Bxe7 Nxe7 15. Neg5 O-O 16. Nxe6 fxe6 17. Rxe6 1/2-1/2

[Event "Fall op"]
[Site "Kitchener CAN"]
[Date "2012.09.16"]
[Round "5"]
[White "Cheng, Bindi"]
[Black "Song, Michael"]
[Result "1-0"]
[WhiteElo "2480"]
[BlackElo "2343"]
[PlyCount "103"]
[GameId "2160767909445148"]
[EventDate "2012.09.15"]
[EventType "swiss"]
[EventRounds "5"]
[EventCountry "CAN"]

1. d4 Nf6 2. c4 g6 3. Nf3 Bg7 4. g3 O-O 5. Bg2 d6 6. O-O Nc6 7. Nc3 a6 8. Qd3 e5 9. dxe5 Nxe5 10. Nxe5 dxe5 11. Qxd8 Rxd8 12. Bg5 Re8 13. Rac1 h6 14. Be3 Rb8 15. Nd5 Nxd5 16. cxd5 e4 17. b3 Bg4 18. Rfe1 Rbc8 19. Rc4 Bf5 20. Rec1 Red8 21. Bxe4 Bxe4 22. Rxe4 Rxd5 23. Re7 Bd4 24. Bxh6 g5 25. Rcxc7 Rxc7 26. Rxc7 Kh7 27. Bf8 Kg8 28. Be7 b6 29. Kg2 g4 30. Rc8+ Kg7 31. Rd8 Rxd8 32. Bxd8 f5 33. e3 Bc5 34. h3 Kf7 35. Bc7 Ke6 36. hxg4 fxg4 37. e4 Bd4 38. f4 gxf3+ 39. Kxf3 b5 40. e5 Bc3 41. Ke4 a5 42. g4 Bd2 43. Bd8 a4 44. g5 axb3 45. axb3 Bc1 46. g6 Bh6 47. Bf6 b4 48. g7 Kf7 49. Kd5 Bxg7 50. Bxg7 Kxg7 51. Kd6 Kf8 52. Kd7 1-0

[Event "Fall op"]
[Site "Kitchener CAN"]
[Date "2012.09.16"]
[Round "5"]
[White "Chernik, Dmitry"]
[Black "Li, Hongyi (Tony)"]
[Result "1-0"]
[WhiteElo "1989"]
[BlackElo "1974"]
[PlyCount "43"]
[GameId "2160767909445149"]
[EventDate "2012.09.15"]
[EventType "swiss"]
[EventRounds "5"]
[EventCountry "CAN"]

1. e4 c5 2. Nc3 Nc6 3. f4 g6 4. Bb5 Bg7 5. Nf3 e6 6. O-O Nge7 7. d3 a6 8. Bxc6 Nxc6 9. Qe1 O-O 10. Be3 b6 11. Rd1 d5 12. d4 dxe4 13. Nxe4 cxd4 14. c3 e5 15. fxe5 Nxe5 16. Nxe5 Bxe5 17. Bxd4 Bxd4+ 18. Rxd4 Qc7 19. Nf6+ Kg7 20. Ne8+ Rxe8 21. Qxe8 Bb7 22. Qd7 1-0

[Event "Fall op"]
[Site "Kitchener CAN"]
[Date "2012.09.16"]
[Round "5"]
[White "Deatrick, Alexander"]
[Black "Jung, Hans"]
[Result "1/2-1/2"]
[WhiteElo "1885"]
[BlackElo "2284"]
[PlyCount "93"]
[GameId "2160767909445150"]
[EventDate "2012.09.15"]
[EventType "swiss"]
[EventRounds "5"]
[EventCountry "CAN"]

1. Nf3 c5 2. c4 Nc6 3. g3 e5 4. Nc3 g6 5. Bg2 Bg7 6. O-O Nge7 7. d3 d6 8. Rb1 O-O 9. Ne1 Be6 10. Be3 b6 11. Nd5 Rc8 12. Nc2 Qd7 13. b4 Nd4 14. Nxe7+ Qxe7 15. Bxd4 exd4 16. bxc5 dxc5 17. Bf3 Qd7 18. Qc1 Rfe8 19. Re1 h5 20. Ra1 Kh7 21. a4 Bg4 22. Qb2 Bh6 23. Qb5 Qf5 24. Rad1 Re7 25. Be4 Rxe4 26. dxe4 Qxe4 27. Qb2 Qe8 28. Qa2 Bxe2 29. Nxd4 Bxd1 30. Rxe8 Rxe8 31. Nb3 Re2 32. Qa3 Rc2 33. Qa1 Bf3 34. Qf6 Be4 35. Qxf7+ Bg7 36. Qf4 Rxc4 37. h3 Rxa4 38. g4 h4 39. Qg5 c4 40. Qxh4+ Kg8 41. Qd8+ Bf8 42. Qd4 Bd3 43. Qd5+ Kh8 44. Qd4+ Bg7 45. Qd8+ Kh7 46. Qh4+ Kg8 47. Qd8+ 1/2-1/2

[Event "Fall op"]
[Site "Kitchener CAN"]
[Date "2012.09.16"]
[Round "5"]
[White "Ferreira, Alex"]
[Black "Birarov, Vladimir"]
[Result "1/2-1/2"]
[WhiteElo "2051"]
[BlackElo "2294"]
[PlyCount "68"]
[GameId "2160767909445151"]
[EventDate "2012.09.15"]
[EventType "swiss"]
[EventRounds "5"]
[EventCountry "CAN"]

1. e4 c5 2. Nf3 Nc6 3. d4 cxd4 4. Nxd4 e5 5. Nb5 d6 6. N1c3 a6 7. Na3 Be7 8. Nc4 Be6 9. Be3 b5 10. Nb6 Rb8 11. Nbd5 h6 12. Be2 Bg5 13. f4 exf4 14. Nxf4 Bc4 15. Qd2 Nf6 16. O-O-O O-O 17. Bxc4 bxc4 18. Qxd6 Qc8 19. h4 Qb7 20. Qa3 Ng4 21. hxg5 Nxe3 22. Rde1 hxg5 23. Rxe3 gxf4 24. Reh3 f6 25. Rh8+ Kf7 26. Rxf8+ Rxf8 27. Qc5 Ne5 28. Qd5+ Qxd5 29. Nxd5 f3 30. gxf3 Nxf3 31. Nb6 Ne5 32. Nd5 Rd8 33. b3 cxb3 34. axb3 Ng4 1/2-1/2

[Event "Fall op"]
[Site "Kitchener CAN"]
[Date "2012.09.16"]
[Round "5"]
[White "Khayutin, Constantine"]
[Black "Li, Yinshi"]
[Result "0-1"]
[WhiteElo "1959"]
[BlackElo "1983"]
[PlyCount "109"]
[GameId "2160767909445152"]
[EventDate "2012.09.15"]
[EventType "swiss"]
[EventRounds "5"]
[EventCountry "CAN"]

1. Nf3 d5 2. d4 Nf6 3. c4 c6 4. g3 e6 5. Nc3 Nbd7 6. Bg2 b6 7. O-O Bd6 8. Bg5 O-O 9. e4 dxe4 10. Nxe4 Be7 11. Ne5 Nxe5 12. dxe5 Nxe4 13. Bxe7 Qxe7 14. Bxe4 Bb7 15. Qh5 h6 16. Qf3 Qc5 17. Qc3 Rfd8 18. Rad1 Qe7 19. c5 Qxc5 20. Qxc5 bxc5 21. Rd6 Rxd6 22. exd6 Rd8 23. Rd1 Kf8 24. Rd3 c4 25. Rd4 c5 26. Rxc4 Bxe4 27. Rxe4 Rxd6 28. Ra4 Rd7 29. Rc4 Rd5 30. Kf1 Ke7 31. Ke2 a6 32. Ke3 Kd7 33. Ra4 Rd6 34. Ra5 Rc6 35. Kd3 Kc7 36. Kc4 Kb6 37. Ra3 Rd6 38. Rf3 Rd4+ 39. Kc3 Rd1 40. Kc4 Rd4+ 41. Kc3 f6 42. a3 e5 43. h4 c4 44. h5 Kc5 45. Re3 e4 46. Kc2 f5 47. g4 f4 48. Rc3 Rd3 49. Rxd3 exd3+ 50. Kc3 a5 51. b3 cxb3 52. Kxd3 a4 53. Kc3 Kd5 54. f3 Ke5 55. Kd3 0-1

[Event "Fall op"]
[Site "Kitchener CAN"]
[Date "2012.09.16"]
[Round "5"]
[White "Plotkin, Mark"]
[Black "Yu, Jonathan"]
[Result "1/2-1/2"]
[WhiteElo "2103"]
[BlackElo "2069"]
[PlyCount "121"]
[GameId "2160767909445153"]
[EventDate "2012.09.15"]
[EventType "swiss"]
[EventRounds "5"]
[EventCountry "CAN"]

1. e4 e6 2. d4 d5 3. Nc3 Bb4 4. e5 c5 5. a3 Bxc3+ 6. bxc3 Ne7 7. h4 Nbc6 8. h5 Qa5 9. Bd2 Qa4 10. h6 g6 11. Rh4 Nxe5 12. Rb1 a6 13. g3 Nd7 14. dxc5 Qxa3 15. c4 Qxc5 16. Bc3 f6 17. Bb4 Qc7 18. Bxe7 Kxe7 19. Nf3 Ne5 20. cxd5 Qc3+ 21. Nd2 exd5 22. Rb3 Qc7 23. Re3 Kf7 24. f4 Nc6 25. Nb3 Rd8 26. Bg2 d4 27. Rd3 Bf5 28. Rd2 Nb4 29. Kf2 Nxc2 30. Qf3 Rab8 31. g4 Be6 32. f5 Bd5 33. fxg6+ hxg6 34. Qd3 Qf4+ 35. Kg1 Qe3+ 36. Qxe3 Nxe3 37. Bxd5+ Rxd5 38. Rxd4 Rxd4 39. Nxd4 g5 40. Rh3 Nxg4 41. h7 Rh8 42. Rb3 b5 43. Ra3 Rxh7 44. Rxa6 Kg6 45. Nxb5 Rd7 46. Nc3 Kf5 47. Ra4 Ne5 48. Ne4 Rc7 49. Ng3+ Kg6 50. Ra6 Rc4 51. Kg2 g4 52. Ra8 Rc2+ 53. Kf1 Kg5 54. Ne2 f5 55. Ra5 Nc4 56. Rxf5+ Kxf5 57. Nd4+ Kf4 58. Nxc2 Kg3 59. Kg1 Kh3 60. Nd4 Nd2 61. Nf5 1/2-1/2

[Event "Fall op"]
[Site "Kitchener CAN"]
[Date "2012.09.16"]
[Round "5"]
[White "Plotkin, Victor"]
[Black "Cormier, Adam"]
[Result "1/2-1/2"]
[WhiteElo "2354"]
[BlackElo "2067"]
[PlyCount "60"]
[GameId "2160767909445154"]
[EventDate "2012.09.15"]
[EventType "swiss"]
[EventRounds "5"]
[EventCountry "CAN"]

1. e4 c5 2. c3 Nf6 3. e5 Nd5 4. d4 e6 5. Nf3 cxd4 6. cxd4 Qc7 7. Bd3 d6 8. O-O Nc6 9. Re1 a6 10. Nbd2 dxe5 11. dxe5 Be7 12. a3 Nf4 13. Be4 Ng6 14. Qc2 Bd7 15. Nc4 Rc8 16. Bxg6 hxg6 17. Qe4 b5 18. Nd6+ Bxd6 19. exd6 Qxd6 20. Bf4 Qc5 21. Rad1 Ne7 22. Bd6 Bc6 23. Qe2 Qh5 24. Nd4 Qxe2 25. Rxe2 Bd5 26. Nc2 Bb3 27. Rdd2 Rh5 28. f3 Bc4 29. Re1 Rd5 30. Rxd5 Nxd5 1/2-1/2

[Event "Fall op"]
[Site "Kitchener CAN"]
[Date "2012.09.16"]
[Round "5"]
[White "Samsonkin, Artiom"]
[Black "Sambuev, Bator"]
[Result "1/2-1/2"]
[WhiteElo "2552"]
[BlackElo "2689"]
[PlyCount "89"]
[GameId "2160767909445155"]
[EventDate "2012.09.15"]
[EventType "swiss"]
[EventRounds "5"]
[EventCountry "CAN"]

1. e4 e6 2. d4 d5 3. Nc3 Bb4 4. e5 c5 5. a3 Ba5 6. b4 cxd4 7. Nb5 Bc7 8. f4 Bd7 9. Qg4 g6 10. Nxd4 Nc6 11. Ngf3 a5 12. Rb1 axb4 13. axb4 Nxd4 14. Nxd4 Bb6 15. Be3 Ra3 16. Bd3 Nh6 17. Qe2 Nf5 18. Nxf5 gxf5 19. Qf2 Bxe3 20. Qxe3 Rg8 21. g3 Qc7 22. Qd4 Ke7 23. Kd2 Rc8 24. Rhc1 Rc3 25. Ra1 Kf8 26. Ra2 h5 27. Rca1 Kg7 28. h3 Qd8 29. Rg1 Kf8 30. Rga1 Be8 31. Ra7 R3c7 32. R1a3 h4 33. gxh4 Bb5 34. Ra2 Bxd3 35. cxd3 Qxh4 36. Ra8 Qxh3 37. Qf2 Qh1 38. Rxc8+ Rxc8 39. Rc2 Rxc2+ 40. Kxc2 Qa1 41. Qc5+ Kg7 42. Qe7 Qg1 43. Qf6+ Kg8 44. Qd8+ Kh7 45. Qh4+ 1/2-1/2

[Event "Fancy Lake Veranda CAN"]
[Site "Fancy Lake CAN"]
[Date "2012.08.04"]
[Round "1"]
[White "Naugler, Rex"]
[Black "Charlton, Glenn"]
[Result "0-1"]
[WhiteElo "1781"]
[BlackElo "2049"]
[PlyCount "54"]
[GameId "2160767909441775"]
[EventDate "2012.08.04"]
[EventType "tourn"]
[EventRounds "5"]
[EventCountry "CAN"]
[SourceTitle "EXT 2022"]
[Source "ChessBase"]
[SourceDate "2021.10.06"]
[SourceVersion "1"]
[SourceVersionDate "2021.10.06"]
[SourceQuality "1"]

1. d4 Nf6 2. Nf3 g6 3. g3 Bg7 4. Bg2 O-O 5. O-O d6 6. c4 Nc6 7. Nc3 a6 8. Re1 Rb8 9. e4 Bg4 10. Be3 Nd7 11. Qd2 e5 12. d5 Bxf3 13. Bxf3 Nd4 14. Bg2 c5 15. Rac1 b5 16. cxb5 axb5 17. Ne2 Ra8 18. b4 Ra4 19. bxc5 Nxc5 20. Qb2 Nd3 21. Qb1 Nxe1 22. Rxe1 Qa5 23. Nxd4 exd4 24. Bf4 Be5 25. Bh6 Ra8 26. f4 Qd2 27. Rf1 Rxa2 0-1

[Event "Fancy Lake Veranda CAN"]
[Site "Fancy Lake CAN"]
[Date "2012.08.04"]
[Round "1"]
[White "Pentz, Brian"]
[Black "Kenney, David"]
[Result "1-0"]
[WhiteElo "1903"]
[BlackElo "1942"]
[PlyCount "53"]
[GameId "2160767909441776"]
[EventDate "2012.08.04"]
[EventType "tourn"]
[EventRounds "5"]
[EventCountry "CAN"]
[SourceTitle "EXT 2022"]
[Source "ChessBase"]
[SourceDate "2021.10.06"]
[SourceVersion "1"]
[SourceVersionDate "2021.10.06"]
[SourceQuality "1"]

1. f4 d5 2. Nf3 Nf6 3. c4 e6 4. e3 Be7 5. Nc3 Ne4 6. cxd5 exd5 7. Be2 O-O 8. O-O f5 9. Ne5 c6 10. d3 Nxc3 11. bxc3 Nd7 12. a4 Qc7 13. d4 Nf6 14. Ba3 Bxa3 15. Rxa3 Be6 16. Qb3 Ne4 17. Ra2 Rf6 18. c4 Rc8 19. Rb2 b6 20. Rc1 Qd8 21. cxd5 cxd5 22. Rxc8 Qxc8 23. Rc2 Qd8 24. Bb5 Rh6 25. Bd7 Nc5 26. dxc5 bxc5 27. Rxc5 1-0